000 00620nam a2200205Ia 4500
005 20260121110015.0
008 008 260114s9999 xx 000 0 hin d
020 _a9788132377207
037 _aEBOOK
040 _aCRL
_bhin
_cCRL
041 _ahin
_2hin
084 _qCRL
100 _aमाधवी कश्यप / Madhavi Kashyap
_9940898
245 0 _aपशु कल्याण / Pashu kalyan
260 _bभाषा प्रकाशन / Bhasha Prakashan
_c2022
856 _uhttps://bhashaprakashan.com/product-details/380855
942 _cEBOOK
999 _c1532563
_d1532563